Сущность головной работы человека (Запись № 5865603)

Подробности
000 -МАРКЕР
контрольное поле 02209nam0a22003491 4500
001 - ИДЕНТИФИКАТОР ЗАПИСИ
контрольное поле v19\rc\1831044
005 - ИДЕНТИФИКАТОР ВЕРСИИ
контрольное поле 20260406093252.0
035 ## - ДРУГИЕ СИСТЕМНЫЕ НОМЕРА
Идентификатор записи (NLR Aleph) 005257338
100 ## - ДАННЫЕ ОБЩЕЙ ОБРАБОТКИ
Данные общей обработки 20071224d1908 |||y0rusy50 ca
101 1# - ЯЗЫК РЕСУРСА
Язык текста, звукозаписи и т.д. русский
Язык оригинала немецкий
102 ## - СТРАНА ПУБЛИКАЦИИ ИЛИ ПРОИЗВОДСТВА
Страна публикации Российская Федерация
105 ## - ПОЛЕ КОДИРОВАННЫХ ДАННЫХ: ТЕКСТОВЫЕ МАТЕРИАЛЫ, МОНОГРАФИЧЕСКИЕ
Кодированные данные о монографическом текстовом документе c z |||||
200 1# - ЗАГЛАВИЕ И СВЕДЕНИЯ ОБ ОТВЕТСТВЕННОСТИ
Основное заглавие Сущность головной работы человека
Сведения, относящиеся к заглавию Новая критика чистого и практ. разума
Первые сведения об ответственности И. Дицген
Последующие сведения об ответственности Пер. с нем. под ред. П. Когана
210 ## - ПУБЛИКАЦИЯ, РАСПРОСТРАНЕНИЕ И ДР.
Место издания, распространения и т.д. Москва
Имя издателя, распространителя и т. д. С. Скирмунт
Дата издания, распространения и т.д. [1908]
215 ## - ФИЗИЧЕСКАЯ ХАРАКТЕРИСТИКА
Специфическое обозначение материала и объем [4], LIV, 116 с., 1 л. фронт. (портр.)
Размеры 20
225 1# - СЕРИЯ
Основное заглавие серии Дешевая библиотека изд. Скирмунта
Наименование части Серия научно-философская
Обозначение тома № 5
327 0# - ПРИМЕЧАНИЯ О СОДЕРЖАНИИ
Текст примечания С. XXVII-LIII: Положение и значение философских трудов Иосифа Дицгена / [Соч.] А. Паннекука
464 #0 - АНАЛИТИЧЕСКИЙ УРОВЕНЬ
Встроенное поле 2001#$aИосиф Дицген$eОчерк его жизни$fСоч. Евгения Дицгена
-- 215##$aС. I-XXVI
-- 700#1$3RU\NLR\AUTH\7791157$7ca$aДицген$bЕ.$f1862-1930$gЕвгений
Заглавие Иосиф Дицген
Автор Дицген, Евгений (1862-1930)
464 #0 - АНАЛИТИЧЕСКИЙ УРОВЕНЬ
Встроенное поле 2001#$aПоложение и значение философских трудов Иосифа Дицгена$fСоч. А. Паннекука
-- 215##$aС. XXVII-LIII
-- 700#1$aПаннекук$bА.$f1873-$gАнтон
Заглавие Положение и значение философских трудов Иосифа Дицгена
Автор Паннекук, Антон (1873-)
532 13 - РАСШИРЕННОЕ ЗАГЛАВИЕ
Заглавие Сущность головной работы человека
700 #1 - ИМЯ ЛИЦА - ПЕРВИЧНАЯ ОТВЕТСТВЕННОСТЬ
Материалы, к которым относится поле rus
Графика поля Кириллица
Начальный элемент ввода Дицген
Часть имени, кроме начального элемента ввода И.
Даты 1828-1888
Расширение инициалов личного имени Иосиф
Идентификатор авторитетной/нормативной записи RU\NLR\AUTH\7791049
Системный номер авторитетной/нормативной записи 73976
702 #1 - ИМЯ ЛИЦА - ВТОРИЧНАЯ ОТВЕТСТВЕННОСТЬ
Код отношения Редактор
Материалы, к которым относится поле rus
Графика поля Кириллица
Начальный элемент ввода Коган
Часть имени, кроме начального элемента ввода П. С.
Дополнения к именам, кроме дат литературовед
Даты 1872-1932
Расширение инициалов личного имени Петр Семенович
Идентификатор авторитетной/нормативной записи RU\NLR\AUTH\7765584
Системный номер авторитетной/нормативной записи 48513
801 #0 - ИСТОЧНИК ЗАПИСИ
Страна Российская Федерация
Организация NLR
Дата составления 20071224
Правила каталогизации psbo
801 #0 - ИСТОЧНИК ЗАПИСИ
Страна Российская Федерация
Организация RuMoRGB
Дата составления 20071224
Источник данных psbo
801 #1 - ИСТОЧНИК ЗАПИСИ
Страна Российская Федерация
Организация ProSoft-M
Дата составления 20071224
Источник данных rusmarc
801 #2 - ИСТОЧНИК ЗАПИСИ
Страна Российская Федерация
Организация NLR
Дата составления 20100828
Источник данных rusmarc
852 ## - МЕСТОНАХОЖДЕНИЕ И ШИФР ХРАНЕНИЯ
Идентификатор организации NLR
Шифр хранения (Call Number) 38.42.4.3
852 ## - МЕСТОНАХОЖДЕНИЕ И ШИФР ХРАНЕНИЯ
Идентификатор организации NLR
Шифр хранения (Call Number) 129/3206
942 ## - ДОПОЛНИТЕЛЬНЫЕ ЭЛЕМЕНТЫ ЗАПИСИ (АБИС)
Тип экземпляра АБИС Книга
980 ## - КОЛЛЕКЦИЯ
Название коллекции Национальная библиография
Экземпляры
Тип экземпляра Дата поступления Библиотека постоянного хранения Библиотека текущего хранения Место хранения Шифр хранения Штрих-код Статус экземпляра
Книга 26.10.2013 РНБ (Садовая) РНБ (Садовая) Русский книжный фонд -Главное здание, Ленинский читальный зал 38.42.4.3 5257338-10  
Книга 26.10.2013 РНБ (Садовая) РНБ (Садовая) Русский книжный фонд -Главное здание, Ленинский читальный зал 129/3206 5257338-20